<?xml version="1.0" encoding="UTF-8"?>
<record
    xmlns:xsi="http://www.w3.org/2001/XMLSchema-instance"
    xsi:schemaLocation="http://www.loc.gov/MARC21/slim http://www.loc.gov/standards/marcxml/schema/MARC21slim.xsd"
    xmlns="http://www.loc.gov/MARC21/slim">

  <leader>01892cam a22002054a 4500</leader>
  <datafield tag="020" ind1=" " ind2=" ">
    <subfield code="a">9789812791771</subfield>
  </datafield>
  <datafield tag="020" ind1=" " ind2=" ">
    <subfield code="a">9812791779</subfield>
  </datafield>
  <datafield tag="040" ind1=" " ind2=" ">
    <subfield code="c">BTCTA</subfield>
  </datafield>
  <datafield tag="082" ind1="0" ind2="4">
    <subfield code="a">658 WOR 2010 C156 Or.</subfield>
  </datafield>
  <datafield tag="245" ind1="0" ind2="0">
    <subfield code="a">Handbook of business practices and growth in emerging markets /</subfield>
  </datafield>
  <datafield tag="260" ind1=" " ind2=" ">
    <subfield code="a">Hackensack, NJ ;</subfield>
    <subfield code="a">Singapore :</subfield>
    <subfield code="b">World Scientific,</subfield>
    <subfield code="c">c2010.</subfield>
  </datafield>
  <datafield tag="300" ind1=" " ind2=" ">
    <subfield code="a">xxx, 546 p. :</subfield>
    <subfield code="b">ill., maps ;</subfield>
    <subfield code="c">26 cm.</subfield>
  </datafield>
  <datafield tag="520" ind1=" " ind2=" ">
    <subfield code="a">"The Handbook of Business Practices and Growth in Emerging Markets consists of a collection of specially commissioned chapters that describe the current business environment, organizational culture, consumer behavior, financial investment climate, and examples of best prevailing practices in emerging markets. It covers all the major functional areas of business marketing, strategy, operations and finance, in all continents.The focus of each chapter is on the identification of different business issues in different emerging markets (including Asia, Africa and South America) and on the implementation of a proposed set of recommendations, using both qualitative and quantitative techniques to assist in decision making and in improving organizational efficiency and effectiveness. Readers will also appreciate the multidimensional view of financial and non-financial performance measurement of businesses. Specifically, the goal of this research based handbook is to provide a comprehensive guide for business students and managers by discussing a range of issues from the diverse emerging markets and enabling them to develop a strategic mindset for a market oriented culture. Given the changing business dynamics, government policies and demands in industries, this handbook is both timely and topical."--BOOK JACKET.</subfield>
  </datafield>
  <datafield tag="650" ind1=" " ind2="0">
    <subfield code="a">Industrial management</subfield>
  </datafield>
  <datafield tag="650" ind1=" " ind2="0">
    <subfield code="a">Competition</subfield>
  </datafield>
  <datafield tag="650" ind1="0" ind2="7">
    <subfield code="a">Umwelt</subfield>
  </datafield>
  <datafield tag="650" ind1="0" ind2="7">
    <subfield code="a">Unternehmen.</subfield>
  </datafield>
  <datafield tag="700" ind1="1" ind2=" ">
    <subfield code="a">Singh, Satyendra,</subfield>
  </datafield>
  <datafield tag="942" ind1=" " ind2=" ">
    <subfield code="c">AEDBB</subfield>
  </datafield>
  <datafield tag="999" ind1=" " ind2=" ">
    <subfield code="c">18963</subfield>
    <subfield code="d">18963</subfield>
  </datafield>
  <datafield tag="952" ind1=" " ind2=" ">
    <subfield code="0">0</subfield>
    <subfield code="1">0</subfield>
    <subfield code="4">0</subfield>
    <subfield code="6">658_000000000000000_WOR_2010_C156_OR</subfield>
    <subfield code="7">0</subfield>
    <subfield code="9">83709</subfield>
    <subfield code="a">LBC</subfield>
    <subfield code="b">LBC</subfield>
    <subfield code="c">C156</subfield>
    <subfield code="d">2020-02-17</subfield>
    <subfield code="e">A38706</subfield>
    <subfield code="o">658 WOR 2010 C156 Or.</subfield>
    <subfield code="r">2020-02-17</subfield>
    <subfield code="w">2020-02-17</subfield>
    <subfield code="y">EK</subfield>
  </datafield>
</record>
